000 00263nam a22001217a 4500
003 OSt
008 221031b |||||||| |||| 00| 0 eng d
041 _aeng
082 _a028.7021 MAL/AD
100 _aMalhotra, A.M
_95280
245 _aAdvanced essays
942 _cBK
999 _c17564
_d17564